000 00280nam a2200121 a 4500
005 20140414093844.0
008 090625s19uu xx uuu eng d
050 _aDVD 791.43
_bANI 2000
245 _aThe Animal.
650 _aMotion pictures.
942 _cAVM
999 _c109466
_d109466